Normal view
MARC view
- ربيع،حامد عبد الله
Entry Personal Name
001 - CONTROL NUMBER
- control field: 15492
003 - CONTROL NUMBER IDENTIFIER
- control field: JO-AjAnu
005 - DATE AND TIME OF LATEST TRANSACTION
- control field: 20230606072754.0
008 - FIXED-LENGTH DATA ELEMENTS
- fixed length control field: 230606|| aca||aabn | a|a d
040 ## - CATALOGING SOURCE
- Original cataloging agency: JO-AjAnu
- Transcribing agency: JO-AjAnu
100 ## - HEADING--PERSONAL NAME
- Personal name: ربيع،حامد عبد الله
670 ## - SOURCE DATA FOUND
- Source citation: Work cat.: (JO-AjAnu)7957: ربيع،حامد عبد الله, author, مقدمة في العلوم السلوكية حول البناء الفكرية لاصول علم الحركة الاجتماعية